Previous Currency of each Country - Statistics

General Stats
  • This quiz has been taken 31 times
    4 since last reset
  • The average score is 123 of 196
Answer Stats
Country Period Previous Currency % Correct
Bosnia and Herzegovina 1992-1998 Bosnian Dinar
100%
Finland 1860-2002 Finnish Mark
100%
Germany 1990-2001 German Mark
100%
Kosovo 1980-2002 German Mark
100%
Italy 1861-2001 Italian Lira
100%
Malta 1972-2008 Maltese Lira
100%
Yemen 1969-1990/1965-1990 North Yemen Riyal/South Yemen Dinar
100%
Turkey 1844-1922 Ottoman Lira
100%
Poland 1917-1924 Polish Mark
100%
San Marino 1865-2002 San Marino Lira
100%
Sudan 1993-2005 Sudanese Dinar
100%
Vatican City 1929-2002 Vatican Lira
100%
Montenegro 1945-2003 Yugoslavian Dinar
100%
North Macedonia 1945-1991 Yugoslavian Dinar
100%
Serbia 1945-2003 Yugoslavian Dinar
100%
Afghanistan 1891-1925 Afghan Rupee
67%
Algeria 1848-1964 Algerian Franc
67%
Uruguay 1825-1835 Argentinian Peso
67%
Kiribati 1966-1979 Australian Dollar
67%
Solomon Islands 1965-1978 Australian Dollar
67%
Tuvalu 1966-1976 Australian Dollar
67%
Australia 1910-1965 Australian Pound
67%
Austria 1925-2001 Austrian Shilling
67%
Bahamas ?-1966 Bahamas Pound
67%
Belgium 1832-2002 Belgian Franc
67%
Bhutan 1790-1973 Bhutanese Rupee
67%
Bolivia 1963-1986 Bolivian Peso
67%
Brazil 1993-1994 Brazilian Cruzeiro Real
67%
Kenya 1920-1964 British East Africa Shilling
67%
Uganda 1921-1964 British East Africa Shilling
67%
Belize 1885-1973 British Honduras Dollar
67%
Canada 1764-1857 British Pound
67%
United Kingdom 1158- British Pound
67%
India 1765-1947 British Raj Rupee
67%
Pakistan 1765-1947 British Raj Rupee
67%
Sierra Leone 1907-1966 British West Africa Pound
67%
Antigua and Barbuda 1935-1966 British West Indies dollar
67%
Barbados 1935-1970 British West Indies Dollar
67%
Dominica 1935-1966 British West Indies dollar
67%
Grenada 1935-1966 British West Indies Dollar
67%
Saint Kitts and Nevis 1935-1966 British West Indies Dollar
67%
Saint Lucia 1935-1966 British West Indies Dollar
67%
Saint Vincent and theGrenadines 1935-1966 British West Indies Dollar
67%
Trinidad and Tobago 1935-1964 British West Indies Dollar
67%
Bulgaria 1881-2025 Bulgarian Lev
67%
Chile 1960-1975 Chilean Escudo
67%
Panama 1819-1904 Colombian Peso
67%
Colombia 1810-1886 Colombian Real
67%
Costa Rica 1850-1896 Costarican Peso
67%
Cuba 2004-2021flanked with Cuban Peso Cuban Convertible Peso
67%
Cyprus 1983-2007 Cypriot Pound
67%
Czech Republic 1919-1938and 1939-1993 Czechoslovakian Koruna
67%
Iceland 1873-1918 Danish Krone
67%
Mongolia 1921-1925 Mongolian Dollar
67%
Indonesia 1602-19451944-1945 Dutch East Indies Gulden |Dutch East Indies Rupee
67%
Netherlands 1581-2002 Dutch Gulden
67%
Tanzania 1921-1966 East Africa Shilling
67%
Syria 1917-1919 Egyptian Pound
67%
Eritrea 1952-1997 Ethiopian Birr
67%
Fiji 1875-1968 Fijian Pound
67%
Cambodia 1953-1975 First Cambodian Riel
67%
Dominican Republic 1844-1947 First Dominican Peso
67%
Cameroon 1942-1958 French Equatorial Africa Franc
67%
Rep. Congo 1942-1958 French Equatorial Africa Franc
67%
Gabon 1942-1958 French Equatorial Africa Franc
67%
France 1794-2002 French Franc
67%
Djibouti 1884-1976 French Somali Franc
67%
Benin 1944-1958 French West Africa Franc
67%
Burkina Faso 1944-1958 French West Africa Franc
67%
Central AfricanRepublic 1942-1958 French West Africa Franc
67%
Chad 1942-1958 French West Africa Franc
67%
Ivory Coast 1944-1958 French West Africa Franc
67%
Niger 1944-1958 French West Africa Franc
67%
Senegal 1944-1958 French West Africa Franc
67%
Togo 1944-1958/1907-1966 French West Africa Franc/British West Africa Pound
67%
Gambia 1965-1971 Gambian Pound
67%
Ghana 1958-1965 Ghanaian Pound
67%
Greece 1833-2002 Greek Drachma
67%
Guatemala 1859-1925 Guatemala Peso
67%
Guinea Bissau 1975-1997 Guinea-Bissau Peso
67%
Bahrain 1959-1966 Gulf Rupee
67%
Kuwait 1959-1961 Gulf Rupee
67%
Guyana 1831-1839 Guyanese Guilder
67%
Saudi Arabia 1916-1924 Hejaz Riyal
67%
Switzerland 1798-1803 Helvetic Franc
67%
Honduras 1862-1931 Honduras Peso
67%
Iraq 1918-1932 Indian Rupee
67%
Sri Lanka 1836-1871 Indian Rupee
67%
Mauritius 1814-18771814-1877 1820-1877 Indian Rupee |Britsih Pound | Mauritius Dollar
67%
East Timor 1975-2002 Indonesian Rupiah
67%
Ireland 1927-2002 Irish Pound
67%
Israel 1948-1980 Israel Pound
67%
Jamaica 1869-1969 Jamaican Pound
67%
Marshall Islands 1919-1947 Japanese Yen
67%
FS Micronesia 1919-1947 Japanese Yen
67%
Nauru 1942-1945 Japanese Yen
67%
Palau 1919-1947 Japanese Yen
67%
North Korea 1910-1947 Korean Yen
67%
South Korea 1910-1947 Korean Yen
67%
Croatia 1993-2022 Kuna
67%
Libya 1951-1971 Libyan Pound
67%
Liechtenstein 1898-1921 Liechtenstein Krone
67%
Luxembourg 1848-2002 Luxembourgish Franc
67%
Madagascar 1925-2005 Madagascar Franc
67%
Malawi 1964-1971 Malawian Pound
67%
Brunei 1953-1967 Malaya and British Borneo dollar
67%
Malaysia 1953-1967 Malaya and British Borneo dollar
67%
Mali 1962-1984 Mali Franc
67%
Seychelles 1877-1939 Mauritius Rupee
67%
Mexico 1822- Mexican Peso
67%
Monaco 1837-2002 Monaco Franc
67%
Morocco 1921-1959 Moroccan Franc
67%
Mozambique 1914-1980 Mozambico Escudo
67%
Papua New Guinea 1949-1966/1966-1975 New Guinea Pound/Australian Dollar
67%
Vanuatu 1905-1980 New Hebrides Franc
67%
New Zealand 1840-1967 New Zealand Pound
67%
Samoa 1933-1967 New Zealand Pound
67%
Nicaragua 1878-1912 Nicaraguan Peso
67%
Nigeria 1958-1973 Nigerian Pound
67%
Vietnam 1948-1978 |1953-1978 North Vietnam Dong/South Vietnam Dong
67%
Taiwan 1946-1949 Old Taiwan Dollar
67%
China 1946-1949 Old Taiwanese Dollar
67%
Oman 1894-1970 Oman Riyal
67%
Bangladesh 1948-1971 Pakistan Rupee
67%
Jordan 1927-1948 Palestine Pound
67%
Paraguay 1870-1943 Paraguay Peso
67%
Myanmar 1949-1952 Pe
67%
Philippines 1903-1947 Philippines Peso
67%
Angola 1914-1928and again 1958-1977 Portuguese Angola Escudo
67%
Cape Verde 1914-1974 Portuguese Cape Verde Escudo
67%
Portugal 1910-2002 Portuguese Escudo
67%
São Tomé and Príncipe 1914-1975 Portuguese São Tomé and Príncipe Escudo
67%
Qatar 1966-1973 Qatar and Dubai Riyal
67%
United Arab Emirates 1966-1973 Qatar and Dubai Riyal
67%
Romania 1881- Romanian Leu
67%
Burundi 1960-1964 Ruanda-Urundi Franc
67%
Rwanda 1952-1964 Ruanda-Urundi Franc
67%
Georgia 1991-1993 Russian Rouble
67%
Kazakhstan 1991-1993 Russian Rouble
67%
Turkmenistan 1991-1993 Russian Rouble
67%
El Salvador 1977-1919 Salvadoran Peso
67%
Slovakia 1993-2008 Slovakian Koruna
67%
Slovenia 1991-2006 Slovenian Tolar
67%
South Africa 1825-1961 Southafrican Pound
67%
Botswana 1966-1976 Southafrican Rand
67%
Eswatini 1968-1974 Southafrican Rand
67%
Lesotho 1965-1980 Southafrican Rand
67%
Namibia 1961-1990 Southafrican Rand
67%
Armenia 1922-1993 Soviet Rouble
67%
Azerbaijan 1924-1991 Soviet Rouble
67%
Belarus 1924-1992 Soviet Rouble
67%
Kyrgyzstan 1936-1991 Soviet Rouble
67%
Russia 1924-1991 Soviet Rouble
67%
Uzbekistan 1925-1993 Soviet Rouble
67%
Maldives 1913-1947 Sri Lanka Rupee
67%
South Sudan
2006-2011
Sudanese Pound
67%
Suriname 1940-2003 Suriname Gulden
67%
Lebanon 1919-1939 Syrian Pound
67%
Tajikistan 1992-2000 Tajik Rouble
67%
Thailand 1862- Thai Baht
67%
Tonga 1921-1967 Tongan Pound
67%
Tunisia 1891-1959 Tunisian Franc
67%
United States of America 1776- US Dollar
67%
Mauritania 1958-1973 West Africa CFA Franc
67%
DR Congo 1967-1997 Zaire
67%
Zambia 1964-1967 Zambian Pound
67%
Zimbabwe 1980-2023 Zimbabwe Dollar
67%
Argentina 1985-1991 Austral
33%
Liberia 1907-1943 Brtish West Africa Pound
33%
Ecuador 1884-2000 Ecuadorian Sucre
33%
Equatorial Guinea 1975-1985 Ekwele
33%
Albania 1926-1939 Franga Ari
33%
Peru 1985-1989 Inti
33%
Estonia 1992-2010 Kroon
33%
Latvia 1993-2013 Lats
33%
Lithuania 1993-2014 Litas
33%
Singapore 1953-1967 Malaya and British Borneo dollar
33%
Hungary 1927-1946 Pengő
33%
Andorra 1868-2014 Peseta
33%
Spain 1869-2002 Peseta
33%
Iran 1825-1932 Qiran
33%
Denmark 1625-1873 Rigsdaler
33%
Sweden 1777-1873 Riksdaler
33%
Haiti 1970-1972 Second Haitian Gourde
33%
Somalia 1950-1960 Somalo
33%
Norway 1648-1745 and 1816-1875 Speciedaler
33%
Guinea 1971-1985 Syli
33%
Venezuela 1874-1878 Venezolano
33%
Comoros 1947-1975 Comorian Franc
0%
Laos 1885-1952 French Indochina Piastres
0%
Ethiopia 1930-1931 Matonas
0%
Moldova 1992-1993 Moldavian Cupon
0%
Nepal 1600's-1932 Nepalese Mohar
0%
Egypt ?-1884* Qirsh
0%
Japan 1336-1871 Ryō
0%
Ukraine 1992-1996 Ukrainian Karbovanec
0%
No matching quizzes found
Score Distribution
Percent of People with Each Score
Percentile by Number Answered
Your Score History
You have not taken this quiz since the last reset